Statystyki dla Największe miasta o klimacie tropikalnym

Kliknij tutaj aby rozwiązać quiz!

Ogólne statystyki

  • Ten quiz został rozwiązany 34 razy
  • Średni wynik to 8 z 20

Statystyki odpowiedzi

PopulacjaKontynentMiasto% Poprawnych
32.1 mAzjaDżakarta
88%
26.3 mAzjaManila
72%
19.4 mAzjaBangkok
69%
9.15 mAzjaKuala Lumpur
69%
13.3 mAmeryka PołudniowaRio de Janeiro
69%
13.9 mAfrykaKinszasa
66%
25.6 mAzjaMumbaj
63%
7.90 mAzjaSingapur
63%
20.1 mAfrykaLagos
59%
17.0 mAzjaKolkata
53%
20.3 mAzjaDhaka
47%
6.35 mAmeryka PółnocnaMiami
34%
11.6 mAzjaĆennaj
19%
6.45 mAfrykaDar es Salaam
19%
6.15 mAzjaSurab
13%
12.7 mAzjaBangalore
6%
10.6 mAzjaHo Chi Minh City
3%
10.4 mAzjaHyderabad
3%
6.90 mAzjaSurat
3%
7.05 mAzjaBandung
0%

Rozkład punktacji

Percentyl według liczby udzielonych odpowiedzi

Procent ludzi z każdym wynikiem

Twoja historia wyników

Nie rozwiązałeś tego quizu